| 000 | 01006nam a2200217Ia 4500 | ||
|---|---|---|---|
| 003 | OSt | ||
| 005 | 20210728160834.0 | ||
| 008 | 210310q1994 ck aob gr 000 0 spa d | ||
| 040 |
_aCO-JMCR _cCO-JMCR |
||
| 041 | 0 | _aspa | |
| 082 | 0 | 4 |
_a333.72 / _bC764e _223 |
| 110 | 2 |
_aBogotá (Colombia) _bContraloría Distrital _938856 |
|
| 245 | 1 | 0 |
_aEstado de los recursos naturales y el ambiente en Santa Fe de Bogotá 1993 : _binforme de la Contraloría Distrital / _cContraloría Distrital |
| 260 |
_aBogotá : _bContraloría Distrital, _c[1994?] |
||
| 300 |
_a62 páginas : _bilustraciones, fotografías y mapas a blanco y negro ; _c28 cm. |
||
| 500 | _aIncluye notas a pie de página. | ||
| 505 | 0 | _aMarco teórico -- Los recursos naturales y la ciudad -- Valoración de costos ambientales -- Metodología | |
| 650 | 1 | 4 |
_aConservación de los recursos naturales _vInformes _y1993 _zBogotá (Colombia) _938857 |
| 650 | 2 | 4 |
_aProtección del medio ambiente _vInformes _y1993 _zBogotá (Colombia) _938858 |
| 942 |
_2ddc _cBK |
||
| 999 |
_c7960 _d7960 |
||